[Event "U20 Polish Youth Championship"]
[Site "Ustron"]
[Date "2019.11.30"]
[Round "9"]
[White "Koloczek, Maciej"]
[Black "Hasterok, Mateusz"]
[Result "0-1"]
[Board "19"]
[WhiteElo "1947"]
[WhiteCountry "POL"]
[WhiteFideId "1198785"]
[WhiteEloChange "-8"]
[BlackElo "2018"]
[BlackCountry "POL"]
[BlackFideId "21822352"]
[BlackEloChange "8"]

1. e4 {[%clk 1:30:56]} c5 {[%clk 1:30:59]} 2. Nf3 {[%clk 1:31:14]} Nc6 {[%clk
1:31:27]} 3. d3 {[%clk 1:31:35]} g6 {[%clk 1:31:41]} 4. g3 {[%clk 1:31:58]} Bg7
{[%clk 1:32:07]} 5. Bg2 {[%clk 1:32:22]} d6 {[%clk 1:32:21]} 6. O-O {[%clk
1:32:28]} e6 {[%clk 1:32:16]} 7. Nbd2 {[%clk 1:32:36]} Nge7 {[%clk 1:32:35]} 8.
a4 {[%clk 1:31:22]} O-O {[%clk 1:32:11]} 9. Re1 {[%clk 1:29:00]} Rb8 {[%clk
1:28:03]} 10. Nf1 {[%clk 1:27:55]} b6 {[%clk 1:23:35]} 11. h4 {[%clk 1:21:25]} h6
{[%clk 1:21:14]} 12. N3h2 {[%clk 1:03:51]} d5 {[%clk 1:11:52]} 13. exd5 {[%clk
0:58:35]} Nxd5 {[%clk 1:12:09]} 14. Ng4 {[%clk 0:58:06]} h5 {[%clk 1:11:47]} 15.
Nge3 {[%clk 0:58:22]} Nce7 {[%clk 1:08:14]} 16. Nc4 {[%clk 0:56:13]} Bb7 {[%clk
1:06:19]} 17. Bg5 {[%clk 0:53:56]} Qc7 {[%clk 1:01:29]} 18. g4 {[%clk 0:46:15]}
Nf4 {[%clk 0:55:33]} 19. Bxb7 {[%clk 0:40:09]} Nh3+ {[%clk 0:50:33]} 20. Kg2
{[%clk 0:38:37]} Nxg5 {[%clk 0:50:58]} 21. hxg5 {[%clk 0:38:10]} Qxb7+ {[%clk
0:51:19]} 22. Qf3 {[%clk 0:37:29]} Nd5 {[%clk 0:48:56]} 23. gxh5 {[%clk 0:32:57]}
Nf4+ {[%clk 0:43:11]} 24. Kg3 {[%clk 0:33:09]} Nxh5+ {[%clk 0:43:37]} 25. Kg2
{[%clk 0:32:59]} Qe7 {[%clk 0:42:50]} 26. Qg4 {[%clk 0:31:23]} f5 {[%clk
0:42:58]} 27. Qh4 {[%clk 0:27:12]} f4 {[%clk 0:43:08]} 28. Nfd2 {[%clk 0:25:48]}
f3+ {[%clk 0:42:52]} 29. Nxf3 {[%clk 0:24:54]} Rf4 {[%clk 0:43:19]} 30. Qh3
{[%clk 0:24:22]} Rxc4 {[%clk 0:43:38]} 31. dxc4 {[%clk 0:23:54]} Nf4+ {[%clk
0:44:04]} 32. Kh2 {[%clk 0:24:12]} Nxh3 {[%clk 0:44:28]} 33. Kxh3 {[%clk
0:24:37]} e5 {[%clk 0:44:11]} 34. Re4 {[%clk 0:24:45]} Kf7 {[%clk 0:43:01]} 35.
Rae1 {[%clk 0:25:02]} Rh8+ {[%clk 0:42:52]} 36. Kg2 {[%clk 0:24:46]} Qe6 {[%clk
0:41:37]} 37. Kf1 {[%clk 0:24:33]} Rh1+ {[%clk 0:41:31]} 38. Ke2 {[%clk 0:24:29]}
Rxe1+ {[%clk 0:41:57]} 39. Nxe1 {[%clk 0:24:53]} Qf5 {[%clk 0:42:03]} 0-1

[Event "U20 Polish Youth Championship"]
[Site "Ustron"]
[Date "2019.11.30"]
[Round "9"]
[White "Syrkiewicz, Michal"]
[Black "Dzwierzynski, Bartosz"]
[Result "0-1"]
[Board "20"]
[WhiteElo "1928"]
[WhiteCountry "POL"]
[WhiteFideId "21833494"]
[WhiteEloChange "-6"]
[BlackElo "2065"]
[BlackCountry "POL"]
[BlackFideId "21812837"]
[BlackEloChange "6"]

1. e4 {[%clk 1:30:56]} c5 {[%clk 1:30:59]} 2. Nf3 {[%clk 1:31:20]} d6 {[%clk
1:31:27]} 3. d4 {[%clk 1:31:44]} cxd4 {[%clk 1:31:56]} 4. Nxd4 {[%clk 1:32:07]}
Nf6 {[%clk 1:32:22]} 5. Nc3 {[%clk 1:32:28]} g6 {[%clk 1:32:50]} 6. Bg5 {[%clk
1:32:44]} Bg7 {[%clk 1:33:15]} 7. Bb5+ {[%clk 1:33:06]} Bd7 {[%clk 1:33:29]} 8.
Qe2 {[%clk 1:33:13]} a6 {[%clk 1:33:44]} 9. Bxd7+ {[%clk 1:33:06]} Nbxd7 {[%clk
1:34:12]} 10. O-O-O {[%clk 1:32:41]} O-O {[%clk 1:34:29]} 11. f4 {[%clk 1:32:44]}
Qa5 {[%clk 1:25:06]} 12. Nb3 {[%clk 1:28:48]} Qc7 {[%clk 1:25:31]} 13. Rhe1
{[%clk 1:27:33]} h6 {[%clk 1:20:19]} 14. Bh4 {[%clk 1:23:44]} e5 {[%clk 1:20:44]}
15. fxe5 {[%clk 1:20:58]} Nxe5 {[%clk 1:20:07]} 16. Bxf6 {[%clk 1:20:20]} Bxf6
{[%clk 1:20:33]} 17. Nd5 {[%clk 1:19:17]} Bg5+ {[%clk 1:20:32]} 18. Kb1 {[%clk
1:19:18]} Qd8 {[%clk 1:17:57]} 19. Nd4 {[%clk 1:15:00]} Rc8 {[%clk 1:16:07]} 20.
Nf3 {[%clk 1:11:04]} Bf6 {[%clk 1:16:19]} 21. Nxf6+ {[%clk 1:10:18]} Qxf6 {[%clk
1:16:45]} 22. Nxe5 {[%clk 1:09:07]} Qxe5 {[%clk 1:17:12]} 23. Qd2 {[%clk
1:09:14]} Rc6 {[%clk 1:11:06]} 24. Qxh6 {[%clk 1:05:22]} Rfc8 {[%clk 1:11:21]}
25. Re2 {[%clk 1:04:02]} Rb6 {[%clk 1:11:00]} 26. Qc1 {[%clk 1:00:11]} Qxh2
{[%clk 1:11:05]} 27. Qe3 {[%clk 0:56:54]} Rbc6 {[%clk 1:06:45]} 28. Qd4 {[%clk
0:55:45]} Qe5 {[%clk 1:02:36]} 29. Qxe5 {[%clk 0:51:54]} dxe5 {[%clk 1:03:03]}
30. Rd5 {[%clk 0:52:02]} Rc5 {[%clk 1:03:04]} 31. Red2 {[%clk 0:51:38]} Kg7
{[%clk 1:03:05]} 32. b3 {[%clk 0:49:06]} Kf6 {[%clk 1:02:03]} 33. Rf2+ {[%clk
0:46:53]} Ke6 {[%clk 1:02:24]} 34. Rfd2 {[%clk 0:46:47]} R8c6 {[%clk 0:59:35]}
35. c4 {[%clk 0:43:16]} f5 {[%clk 0:56:25]} 36. exf5+ {[%clk 0:41:29]} gxf5
{[%clk 0:56:34]} 37. Rxc5 {[%clk 0:39:15]} Rxc5 {[%clk 0:57:00]} 38. Kc2 {[%clk
0:39:33]} e4 {[%clk 0:56:03]} 39. Kc3 {[%clk 0:39:16]} Rc7 {[%clk 0:56:31]} 40.
b4 {[%clk 1:07:15]} Ke5 {[%clk 1:26:46]} 41. Rd5+ {[%clk 1:06:33]} Kf4 {[%clk
1:26:54]} 42. g3+ {[%clk 1:06:40]} Kg4 {[%clk 1:27:12]} 43. Kd4 {[%clk 1:05:28]}
Rf7 {[%clk 1:27:28]} 44. Ke3 {[%clk 1:05:23]} Kxg3 {[%clk 1:27:37]} 45. Rd6
{[%clk 1:05:13]} Rg7 {[%clk 1:26:12]} 46. Rd1 {[%clk 1:04:56]} f4+ {[%clk
1:24:53]} 47. Kxe4 {[%clk 1:04:42]} Re7+ {[%clk 1:25:19]} 48. Kf5 {[%clk
1:04:35]} f3 {[%clk 1:25:33]} 49. a4 {[%clk 1:04:27]} f2 {[%clk 1:26:00]} 50. b5
{[%clk 1:04:40]} Kg2 {[%clk 1:25:44]} 51. c5 {[%clk 1:04:42]} f1Q+ {[%clk
1:26:09]} 52. Rxf1 {[%clk 1:05:09]} Kxf1 {[%clk 1:26:33]} 53. c6 {[%clk 1:05:35]}
axb5 {[%clk 1:26:48]} 54. axb5 {[%clk 1:06:01]} bxc6 {[%clk 1:27:13]} 55. bxc6
{[%clk 1:06:30]} Rc7 {[%clk 1:27:37]} 0-1

[Event "U20 Polish Youth Championship"]
[Site "Ustron"]
[Date "2019.11.30"]
[Round "9"]
[White "Trybus, Daniel"]
[Black "Adamczewski, Maciej"]
[Result "1-0"]
[Board "21"]
[WhiteElo "1862"]
[WhiteCountry "POL"]
[WhiteFideId "21816131"]
[WhiteEloChange "16"]
[BlackElo "2095"]
[BlackCountry "POL"]
[BlackFideId "1148702"]
[BlackEloChange "-16"]

1. e4 {[%clk 1:30:30]} e6 {[%clk 1:30:49]} 2. d4 {[%clk 1:30:30]} d5 {[%clk
1:31:04]} 3. Nc3 {[%clk 1:30:30]} Nf6 {[%clk 1:31:04]} 4. e5 {[%clk 1:30:34]}
Nfd7 {[%clk 1:31:04]} 5. Nce2 {[%clk 1:30:34]} c5 {[%clk 1:30:43]} 6. c3 {[%clk
1:30:34]} Nc6 {[%clk 1:30:32]} 7. f4 {[%clk 1:30:34]} Be7 {[%clk 1:27:11]} 8. Nf3
{[%clk 1:30:54]} a6 {[%clk 1:12:20]} 9. g3 {[%clk 1:30:12]} c4 {[%clk 1:11:43]}
10. Bh3 {[%clk 1:22:43]} Nf8 {[%clk 1:06:28]} 11. O-O {[%clk 1:20:38]} b5 {[%clk
1:06:28]} 12. Ne1 {[%clk 1:18:44]} g6 {[%clk 1:06:22]} 13. Nc2 {[%clk 1:17:21]}
Bd7 {[%clk 1:06:11]} 14. Bd2 {[%clk 1:13:02]} Qb6 {[%clk 1:01:00]} 15. Bg2 {[%clk
1:11:13]} Bc8 {[%clk 0:56:41]} 16. Kh1 {[%clk 1:10:51]} Nd7 {[%clk 0:56:19]} 17.
g4 {[%clk 1:06:58]} h5 {[%clk 0:55:22]} 18. f5 {[%clk 1:07:02]} Nf8 {[%clk
0:54:19]} 19. Nf4 {[%clk 1:06:20]} hxg4 {[%clk 0:53:36]} 20. fxg6 {[%clk
1:05:23]} fxg6 {[%clk 0:51:11]} 21. Qxg4 {[%clk 1:05:06]} Bd7 {[%clk 0:50:19]}
22. Ne3 {[%clk 1:02:15]} O-O-O {[%clk 0:45:43]} 23. b3 {[%clk 0:55:50]} Rh4
{[%clk 0:44:30]} 24. Qg3 {[%clk 0:55:28]} Be8 {[%clk 0:40:15]} 25. Nfxd5 {[%clk
0:51:03]} exd5 {[%clk 0:40:15]} 26. Rxf8 {[%clk 0:51:07]} Rxd4 {[%clk 0:36:01]}
27. Rxe8 {[%clk 0:48:36]} Rxd2 {[%clk 0:36:26]} 28. Rxd8+ {[%clk 0:48:51]} Bxd8
{[%clk 0:34:47]} 29. Nxd5 {[%clk 0:48:29]} Qc5 {[%clk 0:32:52]} 30. b4 {[%clk
0:48:12]} Qf2 {[%clk 0:32:04]} 31. Qxg6 {[%clk 0:46:02]} Kb7 {[%clk 0:30:40]} 32.
Ne3 {[%clk 0:45:35]} Qxe3 {[%clk 0:25:41]} 33. Qxc6+ {[%clk 0:45:54]} Kb8 {[%clk
0:26:00]} 34. Qb7# {[%clk 0:45:54]} 1-0

[Event "U20 Polish Youth Championship"]
[Site "Ustron"]
[Date "2019.11.30"]
[Round "9"]
[White "Jeda, Maciej"]
[Black "Stachecki, Mikolaj"]
[Result "1-0"]
[Board "22"]
[WhiteElo "1865"]
[WhiteCountry "POL"]
[WhiteFideId "21857679"]
[WhiteEloChange "11"]
[BlackElo "1901"]
[BlackCountry "POL"]
[BlackFideId "21838810"]
[BlackEloChange "-11"]

1. e4 {[%clk 1:30:57]} c5 {[%clk 1:30:55]} 2. Nf3 {[%clk 1:31:19]} d6 {[%clk
1:31:20]} 3. d4 {[%clk 1:31:40]} cxd4 {[%clk 1:31:45]} 4. Nxd4 {[%clk 1:32:02]}
Nf6 {[%clk 1:32:10]} 5. Nc3 {[%clk 1:32:21]} Nc6 {[%clk 1:32:34]} 6. Bg5 {[%clk
1:32:40]} e6 {[%clk 1:32:58]} 7. Qd2 {[%clk 1:32:57]} a6 {[%clk 1:33:22]} 8.
O-O-O {[%clk 1:33:11]} Bd7 {[%clk 1:33:44]} 9. f4 {[%clk 1:33:25]} b5 {[%clk
1:34:06]} 10. Bxf6 {[%clk 1:33:22]} gxf6 {[%clk 1:34:29]} 11. Kb1 {[%clk
1:33:28]} b4 {[%clk 1:34:49]} 12. Nce2 {[%clk 1:33:43]} Qb6 {[%clk 1:35:11]} 13.
Nxc6 {[%clk 1:33:49]} Bxc6 {[%clk 1:35:34]} 14. f5 {[%clk 1:33:59]} e5 {[%clk
1:35:56]} 15. Ng3 {[%clk 1:33:58]} h5 {[%clk 1:36:18]} 16. h4 {[%clk 1:34:08]}
Qc5 {[%clk 1:36:37]} 17. Bd3 {[%clk 1:12:06]} Ke7 {[%clk 1:14:48]} 18. Qe2 {[%clk
1:12:03]} Bb5 {[%clk 1:08:33]} 19. Nxh5 {[%clk 1:09:31]} Rc8 {[%clk 1:07:04]} 20.
g4 {[%clk 1:09:11]} Ba4 {[%clk 0:46:29]} 21. Qd2 {[%clk 0:58:24]} Rg8 {[%clk
0:38:29]} 22. g5 {[%clk 0:58:35]} Rh8 {[%clk 0:29:53]} 23. Nxf6 {[%clk 0:58:16]}
Bc6 {[%clk 0:30:17]} 24. h5 {[%clk 0:54:32]} a5 {[%clk 0:28:04]} 25. Rc1 {[%clk
0:48:05]} Qb6 {[%clk 0:19:54]} 26. c3 {[%clk 0:32:10]} b3 {[%clk 0:19:48]} 27. a3
{[%clk 0:32:23]} Qc5 {[%clk 0:18:43]} 28. h6 {[%clk 0:31:11]} Bxh6 {[%clk
0:10:59]} 29. Rxh6 {[%clk 0:30:36]} Rxh6 {[%clk 0:11:23]} 30. gxh6 {[%clk
0:30:52]} Kxf6 {[%clk 0:11:40]} 1-0

[Event "U20 Polish Youth Championship"]
[Site "Ustron"]
[Date "2019.11.30"]
[Round "9"]
[White "Janeczko, Jakub"]
[Black "Gardian, Adam"]
[Result "1-0"]
[Board "23"]
[WhiteElo "1839"]
[WhiteCountry "POL"]
[WhiteFideId "21871655"]
[WhiteEloChange "10"]
[BlackElo "1835"]
[BlackCountry "POL"]
[BlackFideId "21831130"]
[BlackEloChange "-10"]

1. e4 {[%clk 1:30:58]} c5 {[%clk 1:25:24]} 2. Nf3 {[%clk 1:31:22]} Nc6 {[%clk
1:25:50]} 3. d4 {[%clk 1:31:47]} cxd4 {[%clk 1:26:17]} 4. Nxd4 {[%clk 1:32:13]}
Nf6 {[%clk 1:26:42]} 5. Nc3 {[%clk 1:32:37]} e5 {[%clk 1:27:10]} 6. Ndb5 {[%clk
1:33:00]} d6 {[%clk 1:27:35]} 7. Bg5 {[%clk 1:33:24]} a6 {[%clk 1:27:44]} 8. Na3
{[%clk 1:33:50]} b5 {[%clk 1:28:09]} 9. Nd5 {[%clk 1:33:53]} Be7 {[%clk 1:28:27]}
10. Bxf6 {[%clk 1:34:18]} Bxf6 {[%clk 1:28:53]} 11. c3 {[%clk 1:34:42]} Bg5
{[%clk 1:28:48]} 12. Nc2 {[%clk 1:35:05]} O-O {[%clk 1:29:11]} 13. h4 {[%clk
1:34:24]} Bh6 {[%clk 1:28:43]} 14. g4 {[%clk 1:34:47]} Bf4 {[%clk 1:29:09]} 15.
Qf3 {[%clk 1:34:57]} Be6 {[%clk 1:29:26]} 16. Nxf4 {[%clk 1:35:19]} exf4 {[%clk
1:29:48]} 17. Qxf4 {[%clk 1:35:45]} Ne5 {[%clk 1:30:00]} 18. f3 {[%clk 1:35:08]}
a5 {[%clk 1:26:49]} 19. Kf2 {[%clk 1:22:09]} b4 {[%clk 1:25:26]} 20. cxb4 {[%clk
1:19:45]} axb4 {[%clk 1:24:08]} 21. Kg3 {[%clk 1:15:46]} b3 {[%clk 0:54:37]} 22.
axb3 {[%clk 1:16:13]} Qb6 {[%clk 0:54:54]} 23. Rxa8 {[%clk 1:09:43]} Rxa8 {[%clk
0:55:11]} 24. Qe3 {[%clk 1:02:52]} Rb8 {[%clk 0:39:17]} 25. Qxb6 {[%clk 1:02:44]}
Rxb6 {[%clk 0:39:40]} 26. b4 {[%clk 1:00:37]} Bb3 {[%clk 0:39:42]} 27. Ne3 {[%clk
0:53:27]} Rxb4 {[%clk 0:40:03]} 28. Rh2 {[%clk 0:50:23]} Kf8 {[%clk 0:38:36]} 29.
Rd2 {[%clk 0:50:47]} Rb6 {[%clk 0:38:15]} 30. Nf5 {[%clk 0:50:30]} Bc4 {[%clk
0:38:41]} 31. Bxc4 {[%clk 0:43:10]} Nxc4 {[%clk 0:39:06]} 32. Rc2 {[%clk
0:43:39]} Rb4 {[%clk 0:38:48]} 33. b3 {[%clk 0:43:59]} Nb6 {[%clk 0:39:15]} 34.
Nxd6 {[%clk 0:44:22]} Rxb3 {[%clk 0:38:49]} 35. Rc7 {[%clk 0:44:50]} f6 {[%clk
0:38:41]} 36. Rf7+ {[%clk 0:45:10]} Kg8 {[%clk 0:39:04]} 37. Rb7 {[%clk 0:45:39]}
Nc4 {[%clk 0:38:34]} 38. Rxb3 {[%clk 0:45:56]} Nxd6 {[%clk 0:39:01]} 39. Kf4
{[%clk 0:46:16]} Nc4 {[%clk 0:39:26]} 40. Rb7 {[%clk 1:16:36]} Kf8 {[%clk
1:09:48]} 41. g5 {[%clk 1:16:33]} Nd6 {[%clk 1:09:45]} 42. Ra7 {[%clk 1:16:54]}
h5 {[%clk 1:09:47]} 43. gxh6 {[%clk 1:16:54]} gxh6 {[%clk 1:10:12]} 44. e5 {[%clk
1:17:16]} 1-0